| 000 | 01454nam0a22003491 4500 | ||
|---|---|---|---|
| 001 | v19\rc\1848276 | ||
| 005 | 20260406174035.0 | ||
| 035 | _a(NLR Aleph) 004944262 | ||
| 090 |
_a5814120 _c5814120 |
||
| 100 | _a20080221d1909 u y0rusy50 ca | ||
| 101 | 0 | _arus | |
| 102 | _aRU | ||
| 105 | _ay c ||||| | ||
| 200 | 1 |
_aСистематический указатель постановлений Совета Московского инженерного училища _f[Сост. ред. "Изв." Уч-ща П.А. Велихов] _h1) _iза 1905, 1906, 1907 и 1908 годы _h2) _iза 1909 год |
|
| 210 |
_aМосква _cтипо-лит. Т-ва В. Чичерин _d1909 |
||
| 215 |
_a44, 19 с. _d26 |
||
| 300 | _aБез общ. тит. л. Описано по обл. Каждый раздел имеет отд. тит. л. с датами 1909, 1910 | ||
| 700 | 1 |
_aВелихов _bП.А. _f1875-1930 _gПавел Аполлонович _4220 |
|
| 712 | 0 | 2 |
_aМосковское инж. уч-ще _bСовет |
| 712 | 0 | 2 |
_aМосковское инженерное училище _3RU\NLR\AUTH\889941962 _9378767 |
| 801 | 0 |
_aRU _bNLR _gpsbo |
|
| 801 | 0 |
_aRU _bRuMoRGB _2psbo |
|
| 801 | 1 |
_aRU _bProSoft-M _2rusmarc |
|
| 852 |
_aNLR _jПр40/Б-8/3 |
||
| 899 | _aНБ СПбГУ | ||
| 899 | _aНБ МГУ | ||
| 899 | _aБАН | ||
| 899 |
_aRuMoRGB _jU 92/152 |
||
| 899 |
_aRuMoRGB _jU 397/678 |
||
| 942 | _cBOOK | ||
| 980 | _aNB | ||